000 00336nam a2200121Ia 4500
008 190722s9999 xx 000 0 und d
020 _a978-81-315-2780-1
100 _aKenneth J. McBey
245 0 _aStrategic Human Resource Planning
260 _aAndover
_bCengage Learning India Private Limited.
_c2013
300 _axxix,424
942 _cBK
999 _c621
_d621